Project modelling : a technique for estimating time-cost-performance trade-offs in system development projects /

Bibliographic Details
Main Author: Zschau, E. V. W.
Corporate Author: Rand Corporation
Format: Book
Language:English
Published: Santa Monica, Calif. : Rand Corp., [1969]
Series:Memorandum (Rand Corporation) ; RM-5304-PR.
Subjects:

MARC

Tag First Indicator Second Indicator Subfields
LEADER 00000cam a2200000 4500
001 in00001089708
005 20150929205300.0
008 730206s1969 caua b 000 0 eng
010 |a  72171655  
035 |a (OCoLC)00666910 
035 |9 AFT5389AM 
040 |a DLC  |c DLC  |d m.c.  |d TXA  |d UtOrBLW 
049 |a TXAM 
050 0 0 |a Q180.A1  |b R36 no. 5304  |a TA168 
082 0 |a 081 s  |a 658.4/04 
090 |a Q180.A1  |b R36 RM-5304-PR 
100 1 |a Zschau, E. V. W. 
245 1 0 |a Project modelling :  |b a technique for estimating time-cost-performance trade-offs in system development projects /  |c [by] E.V.W. Zschau. 
264 1 |a Santa Monica, Calif. :  |b Rand Corp.,  |c [1969] 
264 4 |c ©1969 
300 |a xi, 94 pages :  |b illustrations ;  |c 28 cm. 
336 |a text  |b txt  |2 rdacontent 
337 |a unmediated  |b n  |2 rdamedia 
338 |a volume  |b nc  |2 rdacarrier 
490 1 |a Memorandum ;  |v RM-5304-PR 
500 |a Prepared for United States Air Force Project Rand under contract number F 44620-67-C-0045. 
504 |a Bibliography: pages 93-94. 
500 |a "July 1969" 
500 |a "Prepared for United States Air Force Project Rand."--cover 
650 0 |a Systems engineering  |x Mathematical models. 
650 0 |a Project management. 
710 2 |a Rand Corporation. 
830 0 |a Memorandum (Rand Corporation) ;  |v RM-5304-PR. 
999 |a MARS 
999 f f |s 4253c746-b334-325e-878d-958fbec40cf0  |i 73cc7a30-121f-3422-9db4-c1189e078530  |t 0 
952 f f |p ric  |a Texas A&M University  |b Rellis Campus  |c Joint Library Facility  |d Remote Storage  |t 0  |e Q180.A1 R36 RM-5304-PR  |h Library of Congress classification  |i unmediated -- volume  |m A14816854715 
998 f f |a Q180.A1 R36 RM-5304-PR  |t 0  |l Remote Storage